000 nam a22 7a 4500
999 _c10169
_d10169
008 180212b ||||| |||| 00| 0 eng d
100 _aSharma, S C
_96135
245 _aSchool maths Class - VII
260 _aNew Delhi
_bGood Luck Publicatron
_c2012